Crop production: Cereals and legumes (Record no. 26780)

MARC details
000 -LEADER
fixed length control field 00323nam a2200133Ia 4500
082 ## - DEWEY DECIMAL CLASSIFICATION NUMBER
Classification number 633.1
Item number BLA
100 ## - MAIN ENTRY--AUTHOR NAME
Personal name BLAND, Brian F
245 #0 - TITLE STATEMENT
Title Crop production: Cereals and legumes
260 ## - PUBLICATION, DISTRIBUTION, ETC. (IMPRINT)
Place of publication London
Name of publisher Academic
Year of publication 1971
650 ## - SUBJECT ADDED ENTRY--TOPICAL TERM
Topical Term Cereal
650 ## - SUBJECT ADDED ENTRY--TOPICAL TERM
Topical Term Legume
942 ## - ADDED ENTRY ELEMENTS (KOHA)
Koha item type Books
Holdings
Withdrawn status Lost status Damaged status Not for loan Home library Current library Date acquired Full call number Accession Number Koha item type
        RRII Library RRII Library 16/12/2021 633.1 BLA 07412 Books